Países y territorios de África en 1914 con un mapa - Estadísticas

Estadísticas generales
  • Esta prueba ha sido intentada 51 veces
  • La puntuación promedio es 28 de 53
Respuestas en el mapa
Las respuestas están codificadas por una escala verde-roja en el mapa de la prueba según el % correcto abajo.
 
Estadísticas de respuestas
Respuesta % Correcto
Abisinia
93%
Argelia
93%
Marruecos español
88%
Marruecos francés
88%
Egipto
86%
Bélgica
84%
España
84%
Francia
84%
Portugal
84%
Liberia
81%
Reino Unido
81%
Río de Oro
81%
Túnez
81%
Alemania
79%
Italia
79%
Sudáfrica
79%
Sudán
79%
Guinea española
72%
Guinea portuguesa
72%
Camerún alemán
70%
Nigeria
67%
Eritrea
65%
Sierra Leona
65%
Somalilandia británica
60%
Somalilandia francesa
60%
Somalilandia italiana
60%
Congo Belga
58%
Gambia
56%
Uganda
56%
Rodesia
51%
Suazilandia
51%
África Occidental Francesa
40%
África Occidental Portuguesa
40%
Cabo verde
40%
Mauricio
40%
África Oriental Alemana
35%
África Oriental Británica
35%
África Oriental Portuguesa
35%
Zanzibar
30%
Santo Tomé y Príncipe
28%
Ifni
26%
Togolandia
26%
Cabinda
21%
Costa de Oro
21%
Bechuanalandia
19%
Cirenaica
19%
Madagascar francés
19%
Tripolitania
19%
África Ecuatorial Francesa
16%
África del Sudoeste alemana
14%
Basutolandia
14%
Niasalandia
12%
Bahía de Walvis
2%
No se encontraron pruebas coincidentes
Distribución de puntuación
Porcentaje de gente con cada puntuación
Porcentaje por número respondido
Historial de tus puntuaciones
No has intentado esta prueba.